Families and intimate relationships / (Record no. 13473)

000 -LEADER
fixed length control field 00614pam a2200217 a 4500
020 ## - INTERNATIONAL STANDARD BOOK NUMBER
ISBN 0070417016 (alk. paper) :
040 ## - CATALOGING SOURCE
Transcribing agency DLC
082 00 - DEWEY DECIMAL CLASSIFICATION NUMBER
Classification number 306 HIL 1994 A014 Or.
100 1# - MAIN ENTRY--AUTHOR NAME
Personal name Bird, Gloria W.
245 10 - TITLE STATEMENT
Title Families and intimate relationships /
260 ## - PUBLICATION, DISTRIBUTION, ETC. (IMPRINT)
Place of publication New York :
Name of publisher McGraw-Hill,
Year of publication c1994.
300 ## - PHYSICAL DESCRIPTION
Number of Pages xix, 512. p. :
Other physical details ill. ;
Dimensions 26 cm.
500 ## - GENERAL NOTE
General note Based on Marriage and family today, by Keith Melville.
650 #0 - SUBJECT ADDED ENTRY--TOPICAL TERM
Topical Term Families
650 #0 - SUBJECT ADDED ENTRY--TOPICAL TERM
Topical Term Man-woman relationships
650 #0 - SUBJECT ADDED ENTRY--TOPICAL TERM
Topical Term Marriage
650 #0 - SUBJECT ADDED ENTRY--TOPICAL TERM
Topical Term Mate selection
700 1# - ADDED ENTRY--PERSONAL NAME
Personal name Melville, Keith.
700 1# - ADDED ENTRY--PERSONAL NAME
Personal name Melville, Keith.
942 ## - ADDED ENTRY ELEMENTS (KOHA)
Koha item type សៀវភៅភាសាអង់គ្លេស
952 ## - LOCATION AND ITEM INFORMATION (KOHA)
Withdrawn status [LOCAL, KOHA] 0
Holdings
Permanent Location Date acquired Koha item type Lost status Shelving location Barcode Current Location Full call number
Library Block A2017-08-26សៀវភៅភាសាអង់គ្លេស A014A18921Library Block A306 HIL 1994 A014 Or.
មជ្ឈមណ្ឌលឯការនៃសាកលវិទ្យាល័យភូមិន្ទកសិកម្មចំការដូង

Powered by Koha